Search for Lepton-Universality Violation in B+→K+ℓ+ℓ− Decays; Physical Review Letters; Vol. 122, iss. 19
| Parent link: | Physical Review Letters Vol. 122, iss. 19.— 2019.— [191801, 13 p.] |
|---|---|
| Kurumsal yazarlar: | , |
| Diğer Yazarlar: | , , , , , , |
| Özet: | Title screen A measurement of the ratio of branching fractions of the decays B+→K+μ+μ− and B+→K+e+e− is presented. The proton-proton collision data used correspond to an integrated luminosity of 5.0 fb−1 recorded with the LHCb experiment at center-of-mass energies of 7, 8, and 13 TeV. For the dilepton mass-squared range 1.1<q2<6.0 GeV2/c4 the ratio of branching fractions is measured to be RK=0.846+0.060−0.054+0.016−0.014, where the first uncertainty is statistical and the second systematic. This is the most precise measurement of RK to date and is compatible with the standard model at the level of 2.5 standard deviations. |
| Dil: | İngilizce |
| Baskı/Yayın Bilgisi: |
2019
|
| Konular: | |
| Online Erişim: | http://earchive.tpu.ru/handle/11683/64783 https://doi.org/10.1103/PhysRevLett.122.191801 |
| Materyal Türü: | MixedMaterials Elektronik Kitap Bölümü |
| KOHA link: | https://koha.lib.tpu.ru/cgi-bin/koha/opac-detail.pl?biblionumber=663342 |
MARC
| LEADER | 00000naa0a2200000 4500 | ||
|---|---|---|---|
| 001 | 663342 | ||
| 005 | 20250813131800.0 | ||
| 035 | |a (RuTPU)RU\TPU\network\34511 | ||
| 090 | |a 663342 | ||
| 100 | |a 20210208d2019 k||y0engy50 ba | ||
| 101 | 0 | |a eng | |
| 102 | |a US | ||
| 135 | |a drcn ---uucaa | ||
| 181 | 0 | |a i | |
| 182 | 0 | |a b | |
| 200 | 1 | |a Search for Lepton-Universality Violation in B+→K+ℓ+ℓ− Decays |f R. Aaij, C. A. Beteta, B. Adeva [et al.] | |
| 203 | |a Text |c electronic | ||
| 300 | |a Title screen | ||
| 320 | |a [References: 79 tit.] | ||
| 330 | |a A measurement of the ratio of branching fractions of the decays B+→K+μ+μ− and B+→K+e+e− is presented. The proton-proton collision data used correspond to an integrated luminosity of 5.0 fb−1 recorded with the LHCb experiment at center-of-mass energies of 7, 8, and 13 TeV. For the dilepton mass-squared range 1.1<q2<6.0 GeV2/c4 the ratio of branching fractions is measured to be RK=0.846+0.060−0.054+0.016−0.014, where the first uncertainty is statistical and the second systematic. This is the most precise measurement of RK to date and is compatible with the standard model at the level of 2.5 standard deviations. | ||
| 461 | |t Physical Review Letters | ||
| 463 | |t Vol. 122, iss. 19 |v [191801, 13 p.] |d 2019 | ||
| 610 | 1 | |a электронный ресурс | |
| 610 | 1 | |a труды учёных ТПУ | |
| 701 | 1 | |a Aaij |b R. |g Roel | |
| 701 | 1 | |a Beteta |b C. A. |g Carlos Abellan | |
| 701 | 1 | |a Adeva |b B. |g Bernardo | |
| 701 | 1 | |a Shapkin |b M. M. |g Mikhail Mikhaylovich | |
| 701 | 1 | |a Kharisova |b A. E. |c nuclear technology specialist |c engineer of Tomsk Polytechnic University |f 1994- |g Anastasiya Evgenjevna |3 (RuTPU)RU\TPU\pers\46775 | |
| 701 | 1 | |a Panshin |b G. L. |c specialist in the field of informatics and computer technology |c Senior Lecturer at Tomsk Polytechnic University |f 1987- |g Gennady Leonidovich |3 (RuTPU)RU\TPU\pers\40978 |9 21367 | |
| 701 | 1 | |a Strokov |b S. A. |c physicist |c engineer of Tomsk Polytechnic University |f 1977- |g Sergey Aleksandrovich |3 (RuTPU)RU\TPU\pers\37442 | |
| 712 | 0 | 2 | |a Национальный исследовательский Томский политехнический университет |b Инженерная школа информационных технологий и робототехники |b Отделение автоматизации и робототехники (ОАР) |3 (RuTPU)RU\TPU\col\23553 |
| 712 | 0 | 2 | |a Национальный исследовательский Томский политехнический университет |b Исследовательская школа физики высокоэнергетических процессов |c (2017- ) |3 (RuTPU)RU\TPU\col\23551 |
| 801 | 2 | |a RU |b 63413507 |c 20211117 |g RCR | |
| 856 | 4 | |u http://earchive.tpu.ru/handle/11683/64783 | |
| 856 | 4 | |u https://doi.org/10.1103/PhysRevLett.122.191801 | |
| 942 | |c CF | ||